Miasta w województwie zachodniopomorskim - Statystyki

Ogólne statystyki
  • Ten quiz został rozwiązany 121 razy
  • Średni wynik to 41 z 66
Statystyki odpowiedzi
Populacja Miasto % Poprawnych
43 614 Kołobrzeg
98%
105 905 Koszalin
98%
390 278 Szczecin
98%
39 189 Świnoujście
95%
4 928 Międzyzdroje
94%
66 816 Stargard
92%
29 827 Police
83%
19 845 Gryfino
82%
37 701 Szczecinek
82%
15 472 Gryfice
78%
4 682 Wolin
75%
22 561 Białogard
74%
23 691 Wałcz
74%
12 643 Darłowo
72%
8 330 Kamień Pomorski
72%
11 248 Drawsko Pomorskie
69%
21 605 Goleniów
69%
2 320 Dziwnów
66%
10 358 Myślibórz
66%
11 839 Sławno
66%
14 605 Świdwin
66%
9 534 Łobez
65%
2 753 Mielno
65%
12 947 Dębno
63%
15 748 Nowogard
63%
11 873 Pyrzyce
63%
13 986 Choszczno
62%
13 049 Barlinek
60%
6 699 Czaplinek
60%
1 781 Ińsko
58%
1 473 Cedynia
57%
2 025 Dobra
57%
3 810 Lipiany
57%
9 388 Trzebiatów
57%
2 991 Chociwel
55%
4 042 Kalisz Pomorski
55%
2 647 Recz
55%
2 632 Węgorzyno
55%
12 106 Złocieniec
55%
7 339 Chojna
54%
1 064 Nowe Warpno
54%
2 824 Polanów
54%
7 310 Połczyn-Zdrój
54%
3 908 Resko
54%
2 089 Biały Bór
52%
3 757 Bobolice
52%
5 480 Karlino
52%
2 999 Mirosławiec
52%
6 498 Sianów
52%
2 125 Trzcińsko-Zdrój
52%
3 472 Barwice
51%
4 896 Borne Sulinowo
51%
2 166 Drawno
51%
3 307 Maszewo
51%
1 623 Moryń
51%
3 713 Płoty
51%
1 401 Suchań
51%
1 788 Tuczno
49%
2 354 Tychowo
49%
2 163 Człopa
48%
2 502 Golczewo
48%
2 701 Gościno
48%
3 357 Mieszkowice
48%
2 486 Stepnica
48%
2 183 Dobrzany
46%
2 414 Pełczyce
45%
Nie znaleziono quizów pasujących do podanych kryteriów
Rozkład punktacji
Procent ludzi z każdym wynikiem
Percentyl według liczby udzielonych odpowiedzi
Twoja historia wyników
Nie rozwiązałeś tego quizu